| Tag |
First Indicator |
Second Indicator |
Subfields |
| LEADER |
00000cam a2200000 4500 |
| 001 |
in00000043467 |
| 005 |
20151007072838.0 |
| 008 |
721130s1909 nyuf 00010 eng u |
| 010 |
|
|
|a 09025768
|
| 035 |
|
|
|a (OCoLC)00504701
|
| 035 |
|
|
|9 AAE8668AM
|
| 040 |
|
|
|c KSU
|d TXA
|d UtOrBLW
|
| 049 |
|
|
|a TXAM
|c [137624]
|
| 050 |
|
0 |
|a QL737.C2
|b W8
|
| 092 |
|
|
|a 599.74446
|b W954g
|
| 100 |
1 |
|
|a Wright, William H.
|q (William Henry),
|d 1856-1934.
|
| 245 |
1 |
4 |
|a The grizzly bear ;
|b the narrative of a hunter-naturalist, historical, scientific and adventurous /
|c by William H. Wright; illustrated from photographs by the author and J. B. Kerfoot.
|
| 264 |
|
1 |
|a New York :
|b C. Scribner's sons,
|c 1909.
|
| 300 |
|
|
|a x, 274 pages :
|b frontispiece, 23 plates ;
|c 22 cm.
|
| 336 |
|
|
|a text
|b txt
|2 rdacontent
|
| 337 |
|
|
|a unmediated
|b n
|2 rdamedia
|
| 338 |
|
|
|a volume
|b nc
|2 rdacarrier
|
| 650 |
|
0 |
|a Bears.
|
| 999 |
|
|
|a MARS
|
| 999 |
f |
f |
|s 64cce311-edad-33a9-957d-33d83ae36659
|i 759aea2d-ef69-3808-8409-deb194ff9949
|t 0
|
| 952 |
f |
f |
|p normal
|a Texas A&M University
|b College Station
|c Sterling C. Evans Library
|d Evans: Library Stacks
|t 0
|e QL737.C2 W8
|h Library of Congress classification
|i unmediated -- volume
|m A14801026234
|
| 998 |
f |
f |
|a QL737.C2 W8
|t 0
|l Evans: Library Stacks
|